{"text_format":"3","workbook":"xlsx","n_sheets":1,"sheets":["t101"],"read":"whole","date_system":"1900"}

{"sheet":"t101","index":0,"n_rows":173,"n_cols":7,"rows_kept":173,"merged":[[0,0,0,6],[30,0,30,5],[48,0,48,5],[150,0,150,5]]}
["TABELA 101.1 - Estatísticas Agrícolas, Município de Caiabu, Estado de São Paulo, 2007/08."]
["ITEM","UNIDADE","N.DE UPAs","MÍNIMO","MÉDIO","MÁXIMO","TOTAL"]
["Distância à sede do município","km",547,0.1,{"v":8.83,"d":"8.8"},{"v":30,"d":"30.0"},"-"]
["Área total","hectare",547,0.5,{"v":46.19,"d":"46.2"},{"v":3859.4,"d":"3,859.4"},{"v":25264.6,"d":"25,264.6"}]
["Área com cultura perene","hectare",37,0.1,{"v":0.88,"d":"0.9"},{"v":6,"d":"6.0"},32.5]
["Área com cultura temporária","hectare",157,0.2,{"v":64.96,"d":"65.0"},{"v":3719.3,"d":"3,719.3"},{"v":10198.2,"d":"10,198.2"}]
["Área com pastagem","hectare",509,0.2,{"v":26.25,"d":"26.3"},{"v":1288,"d":"1,288.0"},{"v":13359,"d":"13,359.0"}]
["Área com reflorestamento","hectare",100,0.1,{"v":1.61,"d":"1.6"},25.1,160.7]
["Área com vegetação natural","hectare",286,0.1,{"v":3.94,"d":"3.9"},215.4,{"v":1125.5,"d":"1,125.5"}]
["Área com vegetação de brejo e várzea","hectare",2,0.1,{"v":50.05,"d":"50.1"},{"v":100,"d":"100.0"},100.1]
["Área em descanso","hectare",4,0.1,{"v":5.08,"d":"5.1"},{"v":10,"d":"10.0"},20.3]
["Área complementar","hectare",384,0.1,0.7,68.6,268.3]
["Área das UPAs com (0, 1] ha","hectare",11,0.5,{"v":0.51,"d":"0.5"},0.6,5.6]
["Área das UPAs com (1, 2] ha","hectare",20,1.1,{"v":1.37,"d":"1.4"},1.8,27.4]
["Área das UPAs com (2, 5] ha","hectare",98,2.1,{"v":3.47,"d":"3.5"},4.9,{"v":340,"d":"340.0"}]
["Área das UPAs com (5, 10] ha","hectare",108,5.4,{"v":7.53,"d":"7.5"},{"v":10,"d":"10.0"},813.7]
["Área das UPAs com (10, 20] ha","hectare",139,10.4,{"v":13.96,"d":"14.0"},{"v":20,"d":"20.0"},{"v":1940.9,"d":"1,940.9"}]
["Área das UPAs com (20, 50] ha","hectare",99,20.2,{"v":31.06,"d":"31.1"},49.9,{"v":3075.4,"d":"3,075.4"}]
["Área das UPAs com (50, 100] ha","hectare",37,51.2,{"v":71.73,"d":"71.7"},96.4,{"v":2654.1,"d":"2,654.1"}]
["Área das UPAs com (100, 200] ha","hectare",19,108.9,{"v":139.24,"d":"139.2"},195.5,{"v":2645.5,"d":"2,645.5"}]
["Área das UPAs com (200, 500] ha","hectare",9,212.7,{"v":302.19,"d":"302.2"},476.3,{"v":2719.7,"d":"2,719.7"}]
["Área das UPAs com (500, 1.000] ha","hectare",4,{"v":516,"d":"516.0"},698.3,{"v":848,"d":"848.0"},{"v":2793.2,"d":"2,793.2"}]
["Área das UPAs com (1.000, 2.000] ha","hectare",1,{"v":1772.5,"d":"1,772.5"},{"v":1772.5,"d":"1,772.5"},{"v":1772.5,"d":"1,772.5"},{"v":1772.5,"d":"1,772.5"}]
["Área das UPAs com (2.000, 5.000] ha","hectare",2,{"v":2617.2,"d":"2,617.2"},{"v":3238.3,"d":"3,238.3"},{"v":3859.4,"d":"3,859.4"},{"v":6476.6,"d":"6,476.6"}]
["Área das UPAs com (5.000, 10.000] ha","hectare","-","-","-","-","-"]
["Área das UPAs acima de 10.000 ha","hectare","-","-","-","-","-"]
["Familiares do proprietário que trabalham na UPA","unidade",492,{"v":1,"d":"1.0"},1.5,{"v":6,"d":"6.0"},{"v":736,"d":"736.0"}]
["Trabalhadores permanentes","unidade",57,{"v":1,"d":"1.0"},{"v":10.58,"d":"10.6"},{"v":523,"d":"523.0"},{"v":603,"d":"603.0"}]
["Fonte: Secretaria de Agricultura e Abastecimento, CDRS/IEA, Projeto LUPA."]
[]
["TABELA 101.2 - Explorações Animais, Município de Caiabu, Estado de São Paulo, 2007/08."]
["ITEM","UNIDADE","N.DE UPAs","MÍNIMO","MÉDIO","MÁXIMO","TOTAL"]
["Apicultura","colmeias",3,{"v":8,"d":"8.0"},{"v":16,"d":"16.0"},{"v":30,"d":"30.0"},{"v":48,"d":"48.0"}]
["Asininos E Muares","cabeças",11,{"v":1,"d":"1.0"},{"v":4.45,"d":"4.5"},{"v":35,"d":"35.0"},{"v":49,"d":"49.0"}]
["Avestruzes e Ema (Criadouro)","cabeças",1,{"v":23,"d":"23.0"},{"v":23,"d":"23.0"},{"v":23,"d":"23.0"},{"v":23,"d":"23.0"}]
["Avicultura de Corte","cabeças/ano",10,{"v":7,"d":"7.0"},32.2,{"v":55,"d":"55.0"},{"v":322,"d":"322.0"}]
["Avicultura Ornamental/Decorativa/Exótica","cabeças",1,{"v":10,"d":"10.0"},{"v":10,"d":"10.0"},{"v":10,"d":"10.0"},{"v":10,"d":"10.0"}]
["Avicultura para Ovos","cabeças",1,{"v":50,"d":"50.0"},{"v":50,"d":"50.0"},{"v":50,"d":"50.0"},{"v":50,"d":"50.0"}]
["Bovinocultura de Corte","cabeças",45,{"v":1,"d":"1.0"},{"v":123.58,"d":"123.6"},{"v":1517,"d":"1,517.0"},{"v":5561,"d":"5,561.0"}]
["Bovinocultura Leiteira","cabeças",16,{"v":2,"d":"2.0"},{"v":56.25,"d":"56.3"},{"v":582,"d":"582.0"},{"v":900,"d":"900.0"}]
["Bovinocultura Mista","cabeças",319,{"v":1,"d":"1.0"},{"v":37.02,"d":"37.0"},{"v":1700,"d":"1,700.0"},{"v":11808,"d":"11,808.0"}]
["Caprinocultura","cabeças",5,{"v":2,"d":"2.0"},3.4,{"v":6,"d":"6.0"},{"v":17,"d":"17.0"}]
["Equinocultura","cabeças",216,{"v":1,"d":"1.0"},{"v":3.21,"d":"3.2"},{"v":105,"d":"105.0"},{"v":693,"d":"693.0"}]
["Outra Exploração Animal","cabeças",2,{"v":12,"d":"12.0"},13.5,{"v":15,"d":"15.0"},{"v":27,"d":"27.0"}]
["Ovinocultura","cabeças",17,{"v":3,"d":"3.0"},{"v":26.29,"d":"26.3"},{"v":176,"d":"176.0"},{"v":447,"d":"447.0"}]
["Suinocultura","cabeças",33,{"v":2,"d":"2.0"},{"v":8.97,"d":"9.0"},{"v":50,"d":"50.0"},{"v":296,"d":"296.0"}]
["Fonte: Secretaria de Agricultura e Abastecimento, CDRS/IEA, Projeto LUPA."]
[]
["TABELA 101.3 -  Máquinas, Implementos e Benfeitorias, Município de Caiabu, Estado de São Paulo, 2007/08."]
["ITEM","UNIDADE","N.DE UPAs","MÍNIMO","MÉDIO","MÁXIMO","TOTAL"]
["Arado Comum (Bacia, Aiveca)","Unidade",51,{"v":1,"d":"1.0"},{"v":1.39,"d":"1.4"},{"v":5,"d":"5.0"},{"v":71,"d":"71.0"}]
["Arado Escarificador","Unidade",4,{"v":1,"d":"1.0"},{"v":2.75,"d":"2.8"},{"v":8,"d":"8.0"},{"v":11,"d":"11.0"}]
["Arado Subsolador","Unidade",2,{"v":1,"d":"1.0"},{"v":1,"d":"1.0"},{"v":1,"d":"1.0"},{"v":2,"d":"2.0"}]
["Batedeira de Cereais","Unidade",19,{"v":1,"d":"1.0"},{"v":1,"d":"1.0"},{"v":1,"d":"1.0"},{"v":19,"d":"19.0"}]
["Carregadeira de Cana","Unidade",2,{"v":1,"d":"1.0"},{"v":3,"d":"3.0"},{"v":5,"d":"5.0"},{"v":6,"d":"6.0"}]
["Colhedeira Acoplada","Unidade",6,{"v":1,"d":"1.0"},1.5,{"v":3,"d":"3.0"},{"v":9,"d":"9.0"}]
["Colhedeira Automotriz","Unidade",2,{"v":1,"d":"1.0"},{"v":3,"d":"3.0"},{"v":5,"d":"5.0"},{"v":6,"d":"6.0"}]
["Conj.Irrigação Autopropelido","Unidade",1,{"v":3,"d":"3.0"},{"v":3,"d":"3.0"},{"v":3,"d":"3.0"},{"v":3,"d":"3.0"}]
["Conj.Irrigação Convencional","Unidade",3,{"v":1,"d":"1.0"},{"v":1.67,"d":"1.7"},{"v":3,"d":"3.0"},{"v":5,"d":"5.0"}]
["Conjunto de Fenação","Unidade",1,{"v":2,"d":"2.0"},{"v":2,"d":"2.0"},{"v":2,"d":"2.0"},{"v":2,"d":"2.0"}]
["Desintegrador, Picador, Triturador","Unidade",43,{"v":1,"d":"1.0"},{"v":1.07,"d":"1.1"},{"v":2,"d":"2.0"},{"v":46,"d":"46.0"}]
["Distribuidor de Calcário","Unidade",11,{"v":1,"d":"1.0"},{"v":1,"d":"1.0"},{"v":1,"d":"1.0"},{"v":11,"d":"11.0"}]
["Ensiladeira","Unidade",9,{"v":1,"d":"1.0"},{"v":2,"d":"2.0"},{"v":8,"d":"8.0"},{"v":18,"d":"18.0"}]
["Grade Aradora (Tipo Romi)","Unidade",10,{"v":1,"d":"1.0"},{"v":1,"d":"1.0"},{"v":1,"d":"1.0"},{"v":10,"d":"10.0"}]
["Grade Niveladora","Unidade",38,{"v":1,"d":"1.0"},{"v":1.08,"d":"1.1"},{"v":4,"d":"4.0"},{"v":41,"d":"41.0"}]
["Implementos para Tração Animal","Unidade",53,{"v":1,"d":"1.0"},{"v":2.58,"d":"2.6"},{"v":6,"d":"6.0"},{"v":137,"d":"137.0"}]
["Misturador de Ração","Unidade",5,{"v":1,"d":"1.0"},{"v":1,"d":"1.0"},{"v":1,"d":"1.0"},{"v":5,"d":"5.0"}]
["Ordenhadeira Mecânica","Unidade",7,{"v":1,"d":"1.0"},{"v":1.29,"d":"1.3"},{"v":2,"d":"2.0"},{"v":9,"d":"9.0"}]
["Pulverizador Tratorizado","Unidade",14,{"v":1,"d":"1.0"},{"v":1.43,"d":"1.4"},{"v":5,"d":"5.0"},{"v":20,"d":"20.0"}]
["Resfriador de Leite, Tanque Expansão","Unidade",4,{"v":1,"d":"1.0"},1.5,{"v":3,"d":"3.0"},{"v":6,"d":"6.0"}]
["Semeadeira/Adubadeira para Plantio Convencional","Unidade",22,{"v":1,"d":"1.0"},{"v":1.05,"d":"1.1"},{"v":2,"d":"2.0"},{"v":23,"d":"23.0"}]
["Semeadeira/Plantadeira Plantio Direto","Unidade",2,{"v":1,"d":"1.0"},4.5,{"v":8,"d":"8.0"},{"v":9,"d":"9.0"}]
["Terraceador","Unidade",2,{"v":1,"d":"1.0"},2.5,{"v":4,"d":"4.0"},{"v":5,"d":"5.0"}]
["Trator de Esteiras","Unidade",2,{"v":1,"d":"1.0"},{"v":2,"d":"2.0"},{"v":3,"d":"3.0"},{"v":4,"d":"4.0"}]
["Trator de Pneus","Unidade",54,{"v":1,"d":"1.0"},{"v":2.15,"d":"2.2"},{"v":49,"d":"49.0"},{"v":116,"d":"116.0"}]
["Açude/Represa","Unidade",79,{"v":1,"d":"1.0"},{"v":2,"d":"2.0"},{"v":20,"d":"20.0"},{"v":158,"d":"158.0"}]
["Almoxarifado/Oficina","Unidade",5,{"v":1,"d":"1.0"},1.6,{"v":2,"d":"2.0"},{"v":8,"d":"8.0"}]
["Armazém para Grãos Ensacados","Sacas",3,{"v":1,"d":"1.0"},{"v":4000.67,"d":"4,000.7"},{"v":12000,"d":"12,000.0"},{"v":12002,"d":"12,002.0"}]
["Balança para Bovinos","Unidade",8,{"v":1,"d":"1.0"},{"v":1.25,"d":"1.3"},{"v":3,"d":"3.0"},{"v":10,"d":"10.0"}]
["Balança para Veículos","Unidade",2,{"v":1,"d":"1.0"},{"v":1,"d":"1.0"},{"v":1,"d":"1.0"},{"v":2,"d":"2.0"}]
["Barracão para Granja/Avicultura","Unidade",2,{"v":1,"d":"1.0"},{"v":1,"d":"1.0"},{"v":1,"d":"1.0"},{"v":2,"d":"2.0"}]
["Barracão/Galpão/Garagem","Unidade",85,{"v":1,"d":"1.0"},{"v":1.13,"d":"1.1"},{"v":4,"d":"4.0"},{"v":96,"d":"96.0"}]
["Casa de Moradia Habitada","Unidade",224,{"v":1,"d":"1.0"},1.4,{"v":12,"d":"12.0"},{"v":314,"d":"314.0"}]
["Casa de Moradia Total","Unidade",316,{"v":1,"d":"1.0"},{"v":1.53,"d":"1.5"},{"v":12,"d":"12.0"},{"v":485,"d":"485.0"}]
["Curral/Mangueira","Unidade",208,{"v":1,"d":"1.0"},{"v":1.03,"d":"1.0"},{"v":3,"d":"3.0"},{"v":215,"d":"215.0"}]
["Depósito/Tulha","Unidade",149,{"v":1,"d":"1.0"},1.2,{"v":9,"d":"9.0"},{"v":179,"d":"179.0"}]
["Estábulo","Unidade",17,{"v":1,"d":"1.0"},{"v":1.06,"d":"1.1"},{"v":2,"d":"2.0"},{"v":18,"d":"18.0"}]
["Fábrica de Farinha","Unidade",2,{"v":1,"d":"1.0"},{"v":1,"d":"1.0"},{"v":1,"d":"1.0"},{"v":2,"d":"2.0"}]
["Fábrica de Ração","Unidade",1,{"v":1,"d":"1.0"},{"v":1,"d":"1.0"},{"v":1,"d":"1.0"},{"v":1,"d":"1.0"}]
["Instalações para Equinos","Unidade",3,{"v":1,"d":"1.0"},{"v":3.67,"d":"3.7"},{"v":8,"d":"8.0"},{"v":11,"d":"11.0"}]
["Máquina de Benefício","Unidade",1,{"v":2,"d":"2.0"},{"v":2,"d":"2.0"},{"v":2,"d":"2.0"},{"v":2,"d":"2.0"}]
["Olaria","Unidade",3,{"v":1,"d":"1.0"},{"v":1,"d":"1.0"},{"v":1,"d":"1.0"},{"v":3,"d":"3.0"}]
["Pocilga","Unidade",14,{"v":1,"d":"1.0"},{"v":1,"d":"1.0"},{"v":1,"d":"1.0"},{"v":14,"d":"14.0"}]
["Poço Semi-Artesiano","Unidade",37,{"v":1,"d":"1.0"},{"v":1.11,"d":"1.1"},{"v":4,"d":"4.0"},{"v":41,"d":"41.0"}]
["Posto Meteorológico","Unidade",1,{"v":1,"d":"1.0"},{"v":1,"d":"1.0"},{"v":1,"d":"1.0"},{"v":1,"d":"1.0"}]
["Silo para Grãos","t",1,{"v":3,"d":"3.0"},{"v":3,"d":"3.0"},{"v":3,"d":"3.0"},{"v":3,"d":"3.0"}]
["Silo para Silagem","t",11,{"v":1,"d":"1.0"},{"v":162.55,"d":"162.6"},{"v":1250,"d":"1,250.0"},{"v":1788,"d":"1,788.0"}]
["Terreiro","m²",12,{"v":1,"d":"1.0"},{"v":180.58,"d":"180.6"},{"v":1000,"d":"1,000.0"},{"v":2167,"d":"2,167.0"}]
["Usina de Açúcar/destilaria","Unidade",1,{"v":1,"d":"1.0"},{"v":1,"d":"1.0"},{"v":1,"d":"1.0"},{"v":1,"d":"1.0"}]
["Fonte: Secretaria de Agricultura e Abastecimento, CDRS/IEA, Projeto LUPA."]
[]
["TABELA 101.4 - Outras Estatísticas Agrícolas, Município de Caiabu, Estado de São Paulo, 2007/08."]
["ITEM","Número de UPAs",null,"Percentual"]
["Faz Parte de Associação de Produtores",72,null,{"v":13.16270566727605,"d":"13.2"}]
["Faz Parte de Cooperativa de Produtores",77,null,{"v":14.076782449725776,"d":"14.1"}]
["Faz Parte do Sindicato de Produtores",68,null,{"v":12.431444241316271,"d":"12.4"}]
["Não utiliza assistência técnica ",30,null,{"v":5.484460694698354,"d":"5.5"}]
["Utiliza somente assistência técnica governamental ",495,null,{"v":90.49360146252285,"d":"90.5"}]
["Utiliza somente assistência técnica privada ",4,null,{"v":0.7312614259597806,"d":"0.7"}]
["Utiliza assistência técnica tanto governamental quanto privada",18,null,{"v":3.2906764168190126,"d":"3.3"}]
["Utiliza Crédito Rural",18,null,{"v":3.2906764168190126,"d":"3.3"}]
["Utiliza Seguro Rural",6,null,{"v":1.096892138939671,"d":"1.1"}]
["Utiliza Escrituração Agrícola",14,null,{"v":2.5594149908592323,"d":"2.6"}]
["Acessa Internet p/ Fins na Agropecuária",3,null,{"v":0.5484460694698355,"d":"0.5"}]
["Utiliza Computador nas Atividades Agropecuárias",10,null,{"v":1.8281535648994516,"d":"1.8"}]
["Utiliza Energia Elétrica Para Uso na Atividade Agrícola",270,null,{"v":49.36014625228519,"d":"49.4"}]
["Realiza Análise de Solo, quando necessário",21,null,{"v":3.8391224862888484,"d":"3.8"}]
["Utiliza Práticas de Conservação de Solo, quando necessário",43,null,{"v":7.861060329067642,"d":"7.9"}]
["Faz Adubação Mineral, quando necessário",84,null,{"v":15.356489945155394,"d":"15.4"}]
["Faz Adubação Orgânica, quando necessário",6,null,{"v":1.096892138939671,"d":"1.1"}]
["Faz Adubação Verde, quando necessário",1,null,{"v":0.18281535648994515,"d":"0.2"}]
["Utiliza Manejo Integrado de Pragas (MIP)","-",null,"-"]
["Utiliza Hidroponia","-",null,"-"]
["Utiliza Plasticultura","-",null,"-"]
["Utiliza Mudas Fiscalizadas",23,null,{"v":4.204753199268739,"d":"4.2"}]
["Utiliza Semente Melhorada",101,null,{"v":18.46435100548446,"d":"18.5"}]
["Faz Confinamento de Bovinos",4,null,{"v":0.7312614259597806,"d":"0.7"}]
["Utiliza Pastejo Intensivo",5,null,{"v":0.9140767824497258,"d":"0.9"}]
["Faz Inseminação Artificial",1,null,{"v":0.18281535648994515,"d":"0.2"}]
["Faz Mineralização do Rebanho",322,null,{"v":58.866544789762344,"d":"58.9"}]
["Faz Vermifugação do Rebanho",351,null,{"v":64.16819012797075,"d":"64.2"}]
["Possui Parceiros /Arrendatários na Exploração Animal",39,null,{"v":7.1297989031078615,"d":"7.1"}]
["Esporte e lazer",3,null,{"v":0.5484460694698355,"d":"0.5"}]
["Extração mineral",1,null,{"v":0.18281535648994515,"d":"0.2"}]
["Hotel Fazenda, Pousada ou SPA","-",null,"-"]
["Pesque-pague","-",null,"-"]
["Restaurante ou Lanchonete","-",null,"-"]
["Transformação artesanal","-",null,"-"]
["Turismo rural ou ecoturismo","-",null,"-"]
["Outras atividades econômicas rurais",2,null,{"v":0.3656307129798903,"d":"0.4"}]
["Agroindústria","-",null,"-"]
["Proprietário sem instrução ou com instrução incompleta",125,null,{"v":22.851919561243147,"d":"22.9"}]
["Proprietário com antigo primário completo",248,null,{"v":45.3382084095064,"d":"45.3"}]
["Proprietário com 1° grau (ou antigo ginasial) completo",41,null,{"v":7.495429616087751,"d":"7.5"}]
["Proprietário com 2° grau (ou antigo colegial) completo",79,null,{"v":14.442413162705666,"d":"14.4"}]
["Proprietário com curso superior completo ",52,null,{"v":9.506398537477148,"d":"9.5"}]
["Pessoa Jurídica",2,null,{"v":0.3656307129798903,"d":"0.4"}]
["Proprietário residente na própria UPA ",190,null,{"v":34.73491773308958,"d":"34.7"}]
["Fonte: Secretaria de Agricultura e Abastecimento, CDRS/IEA, Projeto LUPA."]
[]
["TABELA 101.5 - Área Cultivada, Município de Caiabu, Estado de São Paulo, 2007/08."]
["CULTURA","N.DE UPAs","MÍNIMO","MÉDIO","MÁXIMO","TOTAL"]
["Braquiaria",469,0.3,{"v":27.13,"d":"27.1"},{"v":1258,"d":"1,258.0"},{"v":12722.5,"d":"12,722.5"}]
["Cana-de-acucar",106,0.2,{"v":93.35,"d":"93.4"},{"v":3719.3,"d":"3,719.3"},{"v":9895.4,"d":"9,895.4"}]
["Milho",62,0.2,{"v":8.41,"d":"8.4"},{"v":300,"d":"300.0"},521.2]
["Outras gramineas para pastagem",24,0.2,{"v":16.72,"d":"16.7"},121.1,401.3]
["Gramas",23,2.3,{"v":9.33,"d":"9.3"},42.9,214.6]
["Eucalipto",100,0.1,{"v":1.61,"d":"1.6"},25.1,160.7]
["Tomate rasteiro",2,11.1,15.5,19.9,{"v":31,"d":"31.0"}]
["Capim-napier (ou capim-elefante)",2,0.6,10.3,{"v":20,"d":"20.0"},20.6]
["Outras culturas temporárias",1,{"v":20,"d":"20.0"},{"v":20,"d":"20.0"},{"v":20,"d":"20.0"},{"v":20,"d":"20.0"}]
["Batata-doce",4,0.6,{"v":4,"d":"4.0"},{"v":10,"d":"10.0"},{"v":16,"d":"16.0"}]
["Pomar domestico",27,0.1,{"v":0.54,"d":"0.5"},{"v":2,"d":"2.0"},14.6]
["Manga",7,0.3,{"v":1.23,"d":"1.2"},4.8,8.6]
["Melancia",1,7.2,7.2,7.2,7.2]
["Seringueira",4,0.6,{"v":1.58,"d":"1.6"},{"v":3,"d":"3.0"},6.3]
["Amendoim",2,0.6,1.5,2.4,{"v":3,"d":"3.0"}]
["Algodao",2,1.2,1.2,1.2,2.4]
["Cafe",5,0.1,0.4,{"v":1,"d":"1.0"},{"v":2,"d":"2.0"}]
["Mandioca",3,0.1,{"v":0.63,"d":"0.6"},1.2,1.9]
["Limao",1,{"v":1,"d":"1.0"},{"v":1,"d":"1.0"},{"v":1,"d":"1.0"},{"v":1,"d":"1.0"}]
["Feijao",1,0.1,0.1,0.1,0.1]
["Fonte: Secretaria de Agricultura e Abastecimento, CDRS/IEA, Projeto LUPA."]